000 00496nam a2200193Ia 4500
001 1612
003 IN-NITTTR
005 20251114232917.0
008 251113s9999||||xx |||||||||||||| ||eng||
040 _beng
040 _cIN-NITTTR
041 _aeng
082 _a537.5 H372P
100 _aHemenway, Curtis L.
245 0 _aPhysical electronics. /
_cHemenway, Curtis L., Henry, Richard W., Caulton, Martin
700 _a Caulton, Martin
700 _a Henry, Richard W.
942 _2ddc
_cBK
999 _c2215
_d2215